| 000 | 00669nam a2200193Ia 4500 | ||
|---|---|---|---|
| 008 | 151121s9999||||xx |||||||||||||| ||und|| | ||
| 082 | _aबा। वि। | ||
| 082 | _bHNW-73060 | ||
| 100 | _aजमखंडीकर कौमुदी | ||
| 245 | _aसजीवांचे सहजीवन | ||
| 260 | _b"मधुराज प्रकाशन, पुणे।" | ||
| 260 | _c-- | ||
| 300 | _a30 | ||
| 600 | _aजमखंडीकर कौमुदी | ||
| 630 | _aसजीवांचे सहजीवन | ||
| 700 | _aजमखंडीकर कौमुदी | ||
| 730 | _aसजीवांचे सहजीवन | ||
| 942 | _cBOOK | ||
| 999 |
_c1254518 _d1254515 |
||